Psicopatología y educación
Uloženo v:
| Hlavní autor: | |
|---|---|
| Médium: | Kniha |
| Jazyk: | španělština |
| Vydáno: |
Barcelona
Labor
1960
|
| Vydání: | 1a. ed |
| Témata: | |
| Tagy: |
Přidat tag
Žádné tagy, Buďte první, kdo vytvoří štítek k tomuto záznamu!
|
MARC
| LEADER | 00000cam a2200000 a 4500 | ||
|---|---|---|---|
| 001 | UCY4520 | ||
| 003 | CL-VaPUC | ||
| 008 | 950315e19600000SP |||||||||||||||||spa|d | ||
| 082 | 0 | 4 | |a 370.15 |b LOR |2 21 |
| 100 | |a Lorenzini, Giacomo |e autor |9 333001 | ||
| 245 | 1 | 0 | |a Psicopatología y educación |
| 250 | |a 1a. ed | ||
| 300 | |a 324 p | ||
| 942 | |c BK | ||
| 945 | |d 19950315 00:00:00 |a rbrito | ||
| 260 | |a Barcelona |b Labor |c 1960 | ||
| 650 | 7 | |a PSICOPATOLOGIA ASPECTOS EDUCATIVOS |2 CL-VaPUC |9 333002 | |
| 583 | |a last modification |c 20120910 01:58:50 |k Rodrigo Vera | ||
| 999 | |c 232355 |d 232353 | ||
| 952 | |0 0 |1 0 |4 0 |6 370_150000000000000_LOR_1960 |7 0 |8 P |9 236545 |a BIBEDU |b BIBEDU |c BIBEDU_PB |d 2019-11-15 |i 3065480 |o 370.15 LOR 1960 |p 3065480 |r 2024-01-25 |w 2019-11-15 |y BK |k EDU | ||
| 952 | |0 0 |1 0 |4 0 |6 370_150000000000000_LOR_1960 |7 0 |8 P |9 236546 |a BIBEDU |b BIBEDU |c BIBEDU_PB |d 2019-11-15 |i 4904095 |o 370.15 LOR 1960 |p 4904095 |r 2024-01-25 |w 2019-11-15 |y BK |k PSI | ||